00582nam a22001577a 4500008004100000040001800041041000800059100003800067245009200105260005700197300001800254500007100272650003300343650002600376650002200402130821s1921 it gr ita  aCo-BoUCMbspa00aita aCarducci, Giosued1835-1907, Comp00aPensieri di varia filosofia e di bella letteratura di Giacomo LeopardicGiosue Carducci aFlorencia (Toscana, Italia)bFelice Le Monnierc1921 a7 volúmenes aNotas a pie de página.-- Incluye índice al final del volumen 704aFilosofía en la literatura04aFilósofos italianos04aPoesía italiana